000 01454cam a22002891i 4500
003 SA-RiAUC
005 20250121075440.0
008 250119s1997 su g f000 0 ara c
020 _a996003139X
020 _a9773272923
040 _aSA-RiAUC
_bara
_cSA-RiAUC
_erda
082 0 4 _a811.1
_qSA-RiAUC
090 _a811.1
_bز ا ي
100 1 _aالزايدي، حمد عبد الله،
_d1370 هجري-
_eمؤلف.
245 1 0 _aمنافرة عامر بن الطفيل وعلقمة بن علاثة العامريين وأثرها في الشعر الجاهلي /
_cحمد عبد الله الزايدي.
264 1 _aمكة المكرمة :
_bجامعة أم القرى، معهد البحوث العلمية وإحياء التراث الإسلامي،
_c1997
300 _a88 صفحة ؛
_c24 سم.
336 _aنص
_btxt
_2rdacontent
_3كتاب
337 _aبدون وسيط
_bn
_2rdamedia
338 _aمجلد
_bnc
_2rdacarrier
490 0 _aسلسلة بحوث اللغة العربية وآدابها
600 0 7 _aعامر بن الطفيل بن مالك بن جعفر،
_d70 قبل الهجرة-11 هجري
_xنقد وتفسير
_2aucnm
600 0 7 _aعلقمة بن علاثة بن عوف الكلابي،
_dتوفي حوالي 20 هجري
_xنقد وتفسير
_2aucnm
650 7 _aالشعر العربي
_xتاريخ ونقد
_yالعصر الجاهلي
_2aucsh
942 _2ddc
_cBOOK
_n0
949 _aSA-JeALM
_d250119
_umohamedma123
_n1
999 _c5061
_d5061